Performance of treatment of rubber process effluents by anaerobic-aerobic treatment plants in Sri Lanka (Record no. 64802)

MARC details
000 -LEADER
fixed length control field 00461nam a2200121Ia 4500
100 ## - MAIN ENTRY--AUTHOR NAME
Personal name Seneviratne W M G
245 #0 - TITLE STATEMENT
Title Performance of treatment of rubber process effluents by anaerobic-aerobic treatment plants in Sri Lanka
260 ## - PUBLICATION, DISTRIBUTION, ETC. (IMPRINT)
Name of publisher Preprints of Papers. International Natural Rubber Conference 13-14 November 2006, Vietnam, pp.470-481.
650 ## - SUBJECT ADDED ENTRY--TOPICAL TERM
Topical Term Effluent treatment
650 ## - SUBJECT ADDED ENTRY--TOPICAL TERM
Topical Term Sri Lanka
942 ## - ADDED ENTRY ELEMENTS (KOHA)
Koha item type Journals
Holdings
Withdrawn status Lost status Damaged status Not for loan Home library Current library Shelving location Date acquired Koha item type
      Journals RRII Library RRII Library Rubber chemistry 13/02/2007 Journals